书目信息 |
| 题名: |
新日本语能力测试备战考场
|
|
| 作者: | 初相娟 , 徐丽丽 主编 | |
| 分册: | N1文法篇 | |
| 出版信息: | 大连 大连理工大学出版社 2014 |
|
| 页数: | 225页 | |
| 开本: | 24cm | |
| 丛书名: | ||
| 单 册: | ||
| 中图分类: | H360.41 , H364 | |
| 科图分类: | ||
| 主题词: | 日语--Ri Yu--水平考试--自学参考资料 , 日语--ri yu--语法--水平考试--自学参考资料 | |
| 电子资源: | ||
| ISBN: | 978-7-5611-8006-8 | |
| 000 | 01165nam 2200301 450 | |
| 001 | 340179 | |
| 005 | 20150625110944.67 | |
| 010 | @a978-7-5611-8006-8@dCNY30.00 | |
| 100 | @a20140426d2014 em y0chiy50 ea | |
| 101 | 0 | @achi@ajpn |
| 102 | @aCN@b210000 | |
| 105 | @ak z 001yy | |
| 106 | @ar | |
| 200 | 1 | @a新日本语能力测试备战考场@Axin ri ben yu neng li ce shi bei zhan kao chang@iN1文法篇@f初相娟, 徐丽丽主编 |
| 210 | @a大连@c大连理工大学出版社@d2014 | |
| 215 | @a225页@d24cm | |
| 320 | @a有索引 | |
| 330 | @a本书共分三个部分组成, 分别为“N1语法分类解析”“模擬テスト”“模擬テストの答え”。在“N1语法分类解析”中共32个语法分类, 包含130多个语法项目, 基本上既涵盖了N1能力考试中要求的语法。语法项目均以用法及含义文类, 通俗易懂, 并在每课讲解后附有课后练习题。 | |
| 333 | @a适用于日语学习爱好者及相关读者。 | |
| 517 | 1 | @aN1文法篇@AN1 Wen Fa Pian |
| 606 | 0 | @a日语@ARi Yu@x水平考试@j自学参考资料 |
| 606 | 0 | @a日语@Ari yu@x语法@x水平考试@j自学参考资料 |
| 690 | @aH360.41@v5 | |
| 690 | @aH364@v5 | |
| 701 | 0 | @a初相娟@Achu xiang juan@4主编 |
| 701 | 0 | @a徐丽丽@Axu li li@4主编 |
| 801 | 0 | @aCN@b卓展宏图@c20150525 |
| 905 | @dH360.41@e530@f4 | |
| 新日本语能力测试备战考场.N1文法篇/初相娟, 徐丽丽主编.-大连:大连理工大学出版社,2014 |
| 225页;24cm |
| 使用对象:适用于日语学习爱好者及相关读者。 |
| ISBN 978-7-5611-8006-8:CNY30.00 |
| 本书共分三个部分组成, 分别为“N1语法分类解析”“模擬テスト”“模擬テストの答え”。在“N1语法分类解析”中共32个语法分类, 包含130多个语法项目, 基本上既涵盖了N1能力考试中要求的语法。语法项目均以用法及含义文类, 通俗易懂, 并在每课讲解后附有课后练习题。 |
| ● |
| 相关链接 |
|
|
|
|
正题名:新日本语能力测试备战考场
索取号:H360.41/530
 
预约/预借
| 序号 | 登录号 | 条形码 | 馆藏地/架位号 | 状态 | 备注 |
| 1 | 864639 | 208646394 | 第二样本阅览室/ [索取号:H360.41/530] | 在馆 | |
| 2 | 864640 | 208646401 | 第四借阅区/ [索取号:H360.41/530] | 在馆 | |
| 3 | 864641 | 208646410 | 第四借阅区/ [索取号:H360.41/530] | 在馆 | |
| 4 | 864642 | 208646429 | 第四借阅区/ [索取号:H360.41/530] | 在馆 |